Statistics for 5-Letter Literature Chain

Click here to take the quiz!

General Stats

  • This quiz has been taken 36,056 times
  • The average score is 17 of 26

Answer Stats

HintAnswer% Correct
She traveled to WonderlandAlice
95%
Author of the IliadHomer
93%
Leroux: The Phantom of the _____Opera
91%
Author DahlRoald
88%
Shakespeare: Twelfth ____Night
83%
Rowling: The _____ of the PhoenixOrder
83%
One of the BrontësEmily
79%
Wherefore art thouRomeo
79%
17 syllable poemHaiku
76%
Temptress whose song lures sailors
to their deaths
Siren
76%
Heller: _____-22Catch
75%
Bilbo's nephewFrodo
74%
Opposite of hypo-Hyper
74%
Noble lion of NarniaAslan
70%
Roman goddess of the huntDiana
65%
Two _____ diverged in a yellow woodRoads
58%
Type of shell from Lord of the FliesConch
57%
Poet William ButlerYeats
53%
Who the Lorax speaks forTrees
52%
Opposite of zenithNadir
47%
Book by Alex Haley about Kunta KinteRoots
45%
Dickens character _____ HeepUriah
43%
She was plain and tallSarah
36%
A parody or satireSpoof
33%
One who can endure pain, such as
Marcus Aurelius
Stoic
26%
Cry _____ and let slip the dogs of warHavoc
25%

Score Distribution

Percentile by Number Answered

Percent of People with Each Score

Your Score History

You have not taken this quiz